000 00851nas a2200289 4500
001 BR2012004538
003 BR-BrBNA
005 20231205120817.0
007 ta
008 230509b bl.|||p| |||| 00| 00por d
040 _aBR-BrBNA
_bpor
_cBiblioteca Nacional de Agricultura
041 _a(En)
072 _aF30
100 1 _aGouta, H.
100 1 _aKsia, E.
100 1 _aBuhner-Zaharieva, T.
100 1 _aMiki, A.
100 1 _aGogorcena, Y.
245 1 _aDevelopment of an SSR-based identification key for Tunisian local almonds
650 _aAMENDOA
650 _aVARIAÇÃO GENETICA
650 _aRECURSO GENETICO
650 _aGENETICA MOLECULAR
773 0 _tScientia Agricola (Brazil)
_xISSN 0103-9016
_g(Mar-Apr 2012), v. 69(2) p. 108-113
_wBR2012004538
909 _a202311
_bLúcia
_c55
_dLúcia Elande
942 _2AGRIS
_n0
_cANA
999 _c220426
_d220426